Knowledge management and intellectual capital emerging perspectives : (Record no. 42023)
[ view plain ]
| 000 -LEADER | |
|---|---|
| fixed length control field | 01038nam a22002177a 4500 |
| 005 - DATE AND TIME OF LATEST TRANSACTION | |
| control field | 20100814161832.0 |
| 010 ## - LCCN (DPL NO) | |
| LC control number | ENG-100421 |
| 020 ## - INTERNATIONAL STANDARD BOOK NUMBER | |
| International Standard Book Number | 9788184244205 |
| Terms of availability | 2500.00 |
| 035 ## - SYSTEM CONTROL NUMBER | |
| System control number | EN-83954 |
| 037 ## - SOURCE OF ACQUISITION | |
| Source of stock number/acquisition | DBAD/PUB |
| 082 ## - DEWEY DECIMAL CLASSIFICATION NUMBER | |
| Classification number | 658.4 |
| 245 ## - TITLE STATEMENT | |
| Title | Knowledge management and intellectual capital emerging perspectives : |
| Remainder of title | based on the paper presented at the international conference on knowledge management and intellectual capital at institute of management technology, Ghaziabad, India 26th & 27th February 2009 / |
| Statement of responsibility, etc | edited by Surinder Batra [and] Francisco Javier Carrillo |
| 260 ## - PUBLICATION, DISTRIBUTION, ETC. (IMPRINT) | |
| Place of publication, distribution, etc | New Delhi |
| Name of publisher, distributor, etc | Allied Publishers |
| Date of publication, distribution, etc | 2009 |
| 270 ## - ADDRESS | |
| Address | A-104 mayapuri Phase II |
| City | New Delhi |
| 300 ## - PHYSICAL DESCRIPTION | |
| Extent | xviii, 926p. |
| Dimensions | 24cm (Hb) |
| 500 ## - GENERAL NOTE | |
| General note | Included index |
| 700 ## - ADDED ENTRY--PERSONAL NAME | |
| Personal name | Batra, Surinder |
| 9 (RLIN) | 13650 |
| 700 ## - ADDED ENTRY--PERSONAL NAME | |
| Personal name | Carrillo, Francisco Javier |
| 9 (RLIN) | 13651 |
| 942 ## - ADDED ENTRY ELEMENTS (KOHA) | |
| Source of classification or shelving scheme | Dewey Decimal Classification |
| Item type | English Books |
| Classification part | 658.4 |
| Call number suffix | KNO |
| Withdrawn status | Lost status | Not for loan | Collection code | Home library | Current library | Date acquired | Source of acquisition | Cost, normal purchase price | Full call number | Barcode | Copy number | Cost, replacement price | Koha item type |
|---|---|---|---|---|---|---|---|---|---|---|---|---|---|
| Not For Loan | Non-fiction | D.B.Act.Division | D.B.Act.Division | 14/08/2010 | DBAD/PUB | 2500.00 | 658.4 KNO | EN-83954 | 1 | 2500.00 | English Books |
